1443 1331 1449 1315 1518 1640 1808 1970 1183 1892 1086 1160 1063 1284 1717 1588 1127 1603 1460 1945 1526 1976 1168 1470 1573 1144 1146 1936 1046 1878 1846 1924 1384 1550 1444 1823 1078 1304 1743 1599 1135 1975 1047 1490 1129 1859 1833 1949 1308 1061 1993 1724 1682 1317 1801 1739 1659 1216 1624 1802 1073 1728 1441 1122 1174 1503 1067 1237 1253 1173 1470 1991 1626 1836 1913 1002 1296 1891 1407 1488 1196 1747 1216 1012 1538 1524 1098 1137 1721 1974 1610 1619 1707 1645 1523 1694 1122 1984 1425 BCNSPRNW ULIB Ver.6.0+V

เปลี่ยนเป็นภาษาไทย

Change to English
 แสดงรายละเอียดบรรณานุกรม
  กลับหน้าหลัก

Brief Record : Get Marc (ISO 2709) : E-mail record : QR code < ปิดหน้าต่าง
LEADER : 00000nam 2200000uu 4500
001    13399120818
003     ULIB
008    121017s2547||||th 000 0 tha d
020    ^a9749155459
041 0  ^atha
060 04 ^aWY157^bต364
100 0  ^aตติรัตน์ สุวรรณสุจริต.
245 10 ^aการพยาบาลมารดาที่ได้รับการผ่าตัดคลอด/^cตติรัตน์ สุวรรณสุจริต.
250    ^aพิมพ์ครั้งที่ 2
260    ^aชลบุรี :^bภาควิชาการพยาบาลแม่และเด็ก คณะพยาบาลศาสตร์ มหาวิทยาลัยบูรพา,^c2547
300    ^a146 หน้า :^bภาพประกอบ
650  7 ^aการคลอด
650  7 ^aการผ่าท้องคลอด
650  7 ^aการพยาบาลสูติศาสตร์
710 2  ^aมหาวิทยาลัยบูรพา.^bคณะพยาบาลศาสตร์.^bภาควิชาการพยาบาลแม่และเด็ก.
945    ^p0^l0^i24037
995    ^aกัณชพร
999 ^a ใช้งานได้ทุกระบบ
รายการนี้ยังไม่มีแท็ก
คุณยังไม่ได้ล็อกอิน คุณสามารถมีกิจกรรมร่วมกับเว็บไซต์ได้ แต่ต้องล็อกอินก่อน ::
  ล็อกอิน

รายการสื่อสารสนเทศ

ลำดับที่ ประเภท เลขเรียก/บาร์โค้ด สถานที่ สถานะ
1. วิทยาศาสตร์การแพทย์ และสุขภาพ
วิทยาศาสตร์การแพทย์ และสุขภาพ
WY157 ต364  
  Barcode: 24037
ห้องสมุดวิทยาเขตสวรรค์ประชารักษ์
►หนังสือทั่วไป
ถูกยืม กำหนดส่งวันที่ 11 พฤษภาคม 2558
  จอง

รายการใกล้เคียง
    ผู้แต่ง [ตติรัตน์ สุวรรณสุจริต.]

    หัวเรื่อง [การคลอด]
    หัวเรื่อง [การผ่าท้องคลอด]
    หัวเรื่อง [การพยาบาลสูติศาสตร์]

BibComment


ยังไม่เคยถูกคอมเมนท์

คอมเมนท์ทรัพยากรรายการนี้
  คอมเมนท์: การพยาบาลมารดาที..


 Copyright 2026. Bcnsprnw @Library